Die 10 kältesten Länder der Welt - Statistiken

Allgemein
  • Dieses Quiz wurde 105 mal gespielt
  • Das Durchschnittsergebnis liegt bei 9 aus 10
Antwortstatistiken
Hint Antwort % Korrekt
1 Russland
100%
4 Finnland
98%
6 Schweden
98%
5 Norwegen
97%
2 Kanada
96%
10 Island
88%
3 Dänemark (Grönland)
87%
7 Mongolei
85%
8 Vereinigte Staaten von Amerika
83%
9 Kasachstan
74%
Keine übereinstimmenden Quizze gefunden
Verteilung der Resultate
Anzahl Personen mit jedem Resultat
Perzentil nach korrekt beantworteten Fragen
Ihre Resultats-Entwicklung
Sie haben dieses Quiz noch nicht gespielt